007960000a22002770004500440009500000500002800095650002800123650001400151650002600165650002400191650002600215650001800241650002800259082001700287518001100304530000600315100002500321100001800346100002600364245003800390020001800428260003900446260000900485300001600494041000800510 aQuantitative Applications in the Social Sciences; SAGE University Paper Series No.b07-052 aBibliography at the end aMathematical statistics aSociology aComputer applications aComputer interfaces aStatistical inference aData analysis aQuantitative techniques a519.5bM267u a981102 aM aMadron, Thomas W. M. aNeal Tale, C. aBrookshire, Robert G. aUsing micro computers in research a0-8039-2457-7 aCaliforniabSAGE Publications, USA c1985 a87p.billus aEng